<?xml version="1.0" encoding="UTF-8"?>
<record
    xmlns:xsi="http://www.w3.org/2001/XMLSchema-instance"
    xsi:schemaLocation="http://www.loc.gov/MARC21/slim http://www.loc.gov/standards/marcxml/schema/MARC21slim.xsd"
    xmlns="http://www.loc.gov/MARC21/slim">

  <leader>03367cam a22003015i 4500</leader>
  <controlfield tag="001">17915069</controlfield>
  <controlfield tag="003">OSt</controlfield>
  <controlfield tag="005">20210414114456.0</controlfield>
  <controlfield tag="008">131023s2014    nyu           000 0 eng  </controlfield>
  <datafield tag="010" ind1=" " ind2=" ">
    <subfield code="a">  2013953337</subfield>
  </datafield>
  <datafield tag="020" ind1=" " ind2=" ">
    <subfield code="a">9781464158933</subfield>
  </datafield>
  <datafield tag="040" ind1=" " ind2=" ">
    <subfield code="a">DLC</subfield>
    <subfield code="b">eng</subfield>
    <subfield code="e">rda</subfield>
    <subfield code="c">DLC</subfield>
  </datafield>
  <datafield tag="042" ind1=" " ind2=" ">
    <subfield code="a">pcc</subfield>
  </datafield>
  <datafield tag="050" ind1=" " ind2=" ">
    <subfield code="a">QA276.12.M65</subfield>
  </datafield>
  <datafield tag="100" ind1="1" ind2=" ">
    <subfield code="a">Moore, David S.</subfield>
  </datafield>
  <datafield tag="245" ind1="1" ind2="0">
    <subfield code="a">Introduction to the practice of statistics. /</subfield>
    <subfield code="c">David S. Moore</subfield>
  </datafield>
  <datafield tag="250" ind1=" " ind2=" ">
    <subfield code="a">8th ed.</subfield>
  </datafield>
  <datafield tag="260" ind1=" " ind2=" ">
    <subfield code="a">New York:</subfield>
    <subfield code="b">W. H. Freeman and Company,</subfield>
    <subfield code="c">2014.</subfield>
  </datafield>
  <datafield tag="263" ind1=" " ind2=" ">
    <subfield code="a">1401</subfield>
  </datafield>
  <datafield tag="300" ind1=" " ind2=" ">
    <subfield code="a">xxix,718p. :</subfield>
    <subfield code="b">ill.;</subfield>
    <subfield code="c">27cm.</subfield>
  </datafield>
  <datafield tag="500" ind1=" " ind2=" ">
    <subfield code="a">Includes index.</subfield>
  </datafield>
  <datafield tag="505" ind1=" " ind2=" ">
    <subfield code="a">Contents: Looking at data: Looking at data-distributions: Introduction -- Data -- Displaying distributions with graphs -- Describing distributions with numbers -- Density curves and normal distributions -- Looking at data-relationships: Introduction -- Relationships -- Scatterplots -- Correlation -- Least-squares regression -- Cautions about correlation and regression -- Data analysis for two-way tables -- The question of causation -- Producing data: Introduction -- Sources of data -- Design of experiments -- Sampling design -- Toward statistical inference -- Ethics -- Probability and inference: Probability: The study of randomness: Introduction -- Randomness -- Probability models -- Random variables -- Means and variances of random variables -- General probability rules -- Sampling distributions: Introduction -- The sampling distribution of a sample mean -- Sampling distributions for counts and proportions -- Introduction to inference: Introduction -- Estimating with confidence -- Tests of significance -- Use and abuse of tests -- A power and inference as a decision -- Inference for distributions: Introductions -- Inference for the mean of a population -- Comparing two means -- Other topics in comparing distributions -- Inference for proportions: Introduction -- Comparing two proportions -- Topics in inference: Analysis of two-way tables: Introduction -- Inference for two-way tables -- Goodness of fit -- Inference for regression: Introduction -- Simple linear regression -- More detail about simple linear regression -- Multiple regression: Introduction -- Inference for multiple regression -- A case study -- One-way analysis of variance: Introduction -- Inference for one-way analysis -- Comparing the means -- Two-way analysis of variance: Introduction -- The two-way ANOVA model -- Inference for two-way ANOVA -- Companion chapters: Logistic regression: Introduction -- The logistic regression model -- Inference for logistic regression -- Nonparametric tests: Introduction -- The wilcoxon rank sum test -- The wilcoxon signed rank test -- The kruskal-wallis test -- Bootstrap methods and permutation tests: Introduction -- The bootstrap idea -- First step in using the bootstrap -- How accurate is a bootstrap distribution? -- Bootstrap confidence intervals -- Significance testing using permutation tests -- Statistics for quality: Control and capability: Introduction -- Processes and statistical process control -- Using control charts -- Process capability indexes -- Control charts for sample proportions.</subfield>
  </datafield>
  <datafield tag="700" ind1=" " ind2=" ">
    <subfield code="a">McCabe, George P.</subfield>
  </datafield>
  <datafield tag="700" ind1=" " ind2=" ">
    <subfield code="a">Craig, Bruce A.</subfield>
  </datafield>
  <datafield tag="906" ind1=" " ind2=" ">
    <subfield code="a">0</subfield>
    <subfield code="b">ibc</subfield>
    <subfield code="c">orignew</subfield>
    <subfield code="d">3</subfield>
    <subfield code="e">epcn</subfield>
    <subfield code="f">20</subfield>
    <subfield code="g">y-gencatlg</subfield>
  </datafield>
  <datafield tag="942" ind1=" " ind2=" ">
    <subfield code="2">lcc</subfield>
    <subfield code="c">BK</subfield>
  </datafield>
  <datafield tag="999" ind1=" " ind2=" ">
    <subfield code="c">5653</subfield>
    <subfield code="d">13153</subfield>
  </datafield>
  <datafield tag="952" ind1=" " ind2=" ">
    <subfield code="0">0</subfield>
    <subfield code="1">0</subfield>
    <subfield code="2">lcc</subfield>
    <subfield code="4">0</subfield>
    <subfield code="7">0</subfield>
    <subfield code="a">WIUC-1</subfield>
    <subfield code="b">WIUC-1</subfield>
    <subfield code="c">REF</subfield>
    <subfield code="d">2015-07-21</subfield>
    <subfield code="l">0</subfield>
    <subfield code="o">QA276.12.M65</subfield>
    <subfield code="p">8035/462/15</subfield>
    <subfield code="r">2015-07-21 00:00:00</subfield>
    <subfield code="w">2015-07-21</subfield>
    <subfield code="y">BK</subfield>
  </datafield>
</record>
